Central Library OPAC University of Rajshahi

New approaches in cell biology : (Record no. 11464)

MARC details
000 -LEADER
fixed length control field 00737nam a2200229 a 4500
001 - CONTROL NUMBER
control field 11464
003 - CONTROL NUMBER IDENTIFIER
rucl marc code BD-RjUL
005 - DATE AND TIME OF LATEST TRANSACTION
control field 20211208235130.0
008 - FIXED-LENGTH DATA ELEMENTS--GENERAL INFORMATION
fixed length control field 170513s1960 enka b 101 0 eng d
035 ## - SYSTEM CONTROL NUMBER
System control number (BD-RjUL)11513
040 ## - CATALOGING SOURCE
Original cataloging agency DLC/ICU
Transcribing agency ICU
Modifying agency DLC
-- BD-RjUL
Language of cataloging eng
041 ## - LANGUAGE CODE
Language code of text/sound track or separate title eng
082 00 - DEWEY DECIMAL CLASSIFICATION NUMBER
Classification number 571.6
Author mark and year NEW 1960
Edition number 23
245 00 - TITLE STATEMENT
Title New approaches in cell biology :
Remainder of title proceedings /
Statement of responsibility, etc. edited by P.M.B. Walker.
260 ## - PUBLICATION, DISTRIBUTION, ETC. (IMPRINT)
Place of publication, distribution, etc. London ;
-- New York :
Name of publisher, distributor, etc. Academic Press,
Date of publication, distribution, etc. c1960.
300 ## - PHYSICAL DESCRIPTION
Pagination viii, 208 p. :
Illustrations ill. ;
Size 24 cm.
504 ## - BIBLIOGRAPHY, ETC. NOTE
Bibliography, etc Includes bibliographies and index.
650 #0 - SUBJECT ADDED ENTRY--TOPICAL TERM
Topical term or geographic name as entry element Cytology
General subdivision Congresses.
9 (RLIN) 35434
700 1# - ADDED ENTRY--PERSONAL NAME
Personal name Walker, P. M. B.
711 ## - ADDED ENTRY--MEETING NAME
Meeting name or jurisdiction name as entry element Symposium on New Approaches in Cell Biology
9 (RLIN) 213047
942 ## - ADDED ENTRY ELEMENTS (KOHA)
Source of classification or shelving scheme Dewey Decimal Classification
Koha item type Books
Holdings
Lost status Source of classification or shelving scheme Damaged status Not for loan Collection code Permanent Location Current Location Shelving location Date acquired Source of acquisition Cost, normal purchase price Total Checkouts Full call number Date last seen Copy number Koha item type
  Dewey Decimal Classification   Not For Loan Non-fiction Central Library, University of Rajshahi Central Library, University of Rajshahi Reading Room 09/10/1965 Zeitlinger 42.00   571.6 NEW 1960 26/01/2014 C-1 Books